THE KING OF ATTOLIA / (Record no. 139596)
[ view plain ]
| 000 -LEADER | |
|---|---|
| fixed length control field | 01207nam a2200325 i 4500 |
| 001 - CONTROL NUMBER | |
| control field | C2-0342702 |
| 003 - CONTROL NUMBER IDENTIFIER | |
| control field | PPAK |
| 005 - DATE AND TIME OF LATEST TRANSACTION | |
| control field | 20210202113609.0 |
| 008 - FIXED-LENGTH DATA ELEMENTS--GENERAL INFORMATION | |
| fixed length control field | 170814s2017 nyu |||| ||||| | eng d |
| 020 ## - INTERNATIONAL STANDARD BOOK NUMBER | |
| International Standard Book Number | 9780062642981 |
| Qualifying information | paperback |
| 040 ## - CATALOGING SOURCE | |
| Original cataloging agency | PPAK |
| Language of cataloging | eng |
| Transcribing agency | PPAK |
| Description conventions | rda |
| 082 04 - DEWEY DECIMAL CLASSIFICATION NUMBER | |
| Classification number | 823 |
| Edition number | 23 |
| 090 00 - LOCALLY ASSIGNED LC-TYPE CALL NUMBER (OCLC); LOCAL CALL NUMBER (RLIN) | |
| Classification number (OCLC) (R) ; Classification number, CALL (RLIN) (NR) | 823 |
| Feature heading | TUR |
| Feature heading | G |
| 100 1# - MAIN ENTRY--PERSONAL NAME | |
| Personal name | Turner, Megan Whalen, |
| Relator term | author |
| 245 14 - TITLE STATEMENT | |
| Title | THE KING OF ATTOLIA / |
| Statement of responsibility, etc. | MEGAN WHALEN TURNER. |
| 264 #1 - PRODUCTION, PUBLICATION, DISTRIBUTION, MANUFACTURE, AND COPYRIGHT NOTICE | |
| Place of production, publication, distribution, manufacture | New York : |
| Name of producer, publisher, distributor, manufacturer | Greenwillow Books, an imprint of HarperCollinsPublishers, |
| Date of production, publication, distribution, manufacture, or copyright notice | 2017 |
| 300 ## - PHYSICAL DESCRIPTION | |
| Extent | 412 pages ; |
| Dimensions | 21 cm |
| 336 ## - CONTENT TYPE | |
| Content type term | text |
| Source | rdacontent |
| 337 ## - MEDIA TYPE | |
| Media type term | unmediated |
| Source | rdamedia |
| 338 ## - CARRIER TYPE | |
| Carrier type term | volume |
| Source | rdacarrier |
| 490 1# - SERIES STATEMENT | |
| Series statement | Queen's Thief novel ;3 |
| 500 ## - GENERAL NOTE | |
| General note | Originally published in 2006.<br/> |
| General note | Includes an excerpt of the author's, Thick as thieves and the short story, Wineshop. |
| 520 ## - SUMMARY, ETC. | |
| Summary, etc. | Eugenides, still known as a Thief of Eddis, faces palace intrigue and assassins as he strives to prove himself both to the people of Attolia and to his new bride, their queen. |
| 650 10 - SUBJECT ADDED ENTRY--TOPICAL TERM | |
| Topical term or geographic name entry element | English fiction. |
| 655 ## - INDEX TERM--GENRE/FORM | |
| Genre/form data or focus term | Fantasy fiction. |
| Genre/form data or focus term | Action and adventure fiction. |
| 830 #0 - SERIES ADDED ENTRY--UNIFORM TITLE | |
| Uniform title | Queen's Thief novel ;3 |
| 942 ## - ADDED ENTRY ELEMENTS (KOHA) | |
| Koha item type | Book |
| Source of classification or shelving scheme | Dewey Decimal Classification |
| Withdrawn | Not for loan | Current library | Shelving location | Date acquired | Total Checkouts | Full call number | Barcode | Date last seen | Date last checked out | Koha item type | Total Renewals |
|---|---|---|---|---|---|---|---|---|---|---|---|
| Perpustakaan Alor Setar | Pinjaman Dewasa | 21/08/2017 | 9 | 823 TUR | A01543025 | 04/01/2022 | 01/01/2022 | Book | 1 | ||
| Perpustakaan Alor Setar | Pinjaman Dewasa | 21/08/2017 | 1 | 823 TUR | A01543026 | 07/12/2022 | 23/09/2019 | Book | |||
| Perpustakaan Awam Sungai Petani | Pinjaman Dewasa | 21/08/2017 | 2 | 823 TUR | A01543027 | 12/11/2019 | 23/10/2019 | Book | |||
| Perpustakaan Langkawi | Pinjaman Dewasa | 21/08/2017 | 2 | 823 TUR | A01543028 | 27/11/2025 | 25/11/2025 | Book |